Szczegóły MARC21

Dzieje gospodarcze Polski w zarysie do 1989 r. /

003 -Nazwa inst., której nr kontr. jest w polu 001 [,]
    • @
    • Nazwa instytucji, której n kontrolny jest w polu 001
    • NUKAT
005 -DATA I CZAS OSTATNIEJ MODYFIKACJI [,]
    • @
    • pole kontrolne
    • 20241231094541.0
020 -Międzynarod. znormalizowany nr książki - ISBN [ , ]
    • a
    • Numer ISBN
    • 8390023490 Find
    • z
    • Błędny ISBN (P)
    • 83900023490 Find
040 -Instytucja sporządzająca opis [ , ]
    • a
    • Instytucja, która sporządziła opis (NP)
    • TOR U/MKO
    • c
    • Instytucja, która sporządziła rekord (NP)
    • TOR U/MKO
    • d
    • Instytucja, która zmodyfikowała rekord (P)
    • TOR U/AP
    • d
    • Instytucja, która zmodyfikowała rekord (P)
    • Ł U/MSs LUBL KUL/ak
942 -Rodzaj dokumentu [ , ]
    • c
    • Rodzaj dokumentu
    • Książka
100 -Hasło główne - nazwa osobowa [1, ]
    • a
    • Nazwa osobowa (NP)
    • Jezierski, Andrzej
    • d
    • Daty biograficzne (NP)
    • (1930-2002).
    • 9
    • KHW
    • 94854
245 -Strefa tytułu i oznaczenia odpowiedzialności [1,0]
    • a
    • Tytuł
    • Dzieje gospodarcze Polski w zarysie do 1989 r. / Find
    • c
    • Pozostałe elementy strefy tytułu i oznaczenia odpowiedzialności (NP)
    • Andrzej Jezierski, Cecylia Leszczyńska.
260 -Strefa adresu wydawniczego [ , ]
    • a
    • Miejsce wydania (P)
    • Warszawa :
    • b
    • Nazwa wydawcy (P)
    • Wydaw. Key Text,
    • c
    • Data wydania (P)
    • 1994.
300 -Strefa opisu fizycznego [ , ]
    • a
    • Określenie formy książki i/lub objętość (NP)
    • 297, [1] s. :
    • b
    • Oznaczenie ilustracji (NP)
    • il., err. ;
    • c
    • Format (NP)
    • 24 cm.
336 -Typ zawartości [ , ]
    • a
    • Termin opisujący typ zawartości
    • Tekst
    • b
    • Kod określający zawartość
    • txt
    • 2
    • Źródło (terminu i kodu)
    • rdacontent
337 -Typ mediów [ , ]
    • a
    • Tryb odtwarzania
    • Bez urządzenia pośredniczącego
    • b
    • Kod typu mediów
    • n
    • 2
    • Źródło (terminu i kodu)
    • rdamedia
338 -Typ/rodzaj nośnika [ , ]
    • a
    • Hasło opisujące typ nośnika
    • Wolumin
    • b
    • Kod typu nośnika
    • nc
    • 2
    • Źródło (terminu i kodu)
    • rdacarrier
504 -Uwaga dot. bibliogr. załącznikowej [ , ]
    • a
    • Uwaga dot. bibliografii załącznikowej
    • Indeksy.
521 -Uwaga dot. przeznaczenia czytelniczego [8, ]
    • a
    • Uwaga dot. przeznaczenia czytelniczego
    • Dla studentów wydziałów ekonomicznych wyższych uczelni.
651 -Hasło przedmiotowe w formie nazwy geograficznej [ ,7]
    • a
    • Nazwa geograficzna
    • Polska
    • x
    • Określnik rzeczowy
    • sytuacja gospodarcza
    • v
    • Określnik formalny
    • podręczniki akademickie.
    • 2
    • Źródło terminu
    • kaba
    • 9
    • KHW
    • 374882
700 -Hasło dodatkowe - nazwa osobowa [1, ]
    • a
    • Nazwa osobowa (NP)
    • Leszczyńska, Cecylia. Find
    • 9
    • KHW
    • 94855
710 -Hasło dodatkowe - nazwa ciała zbiorowego [2, ]
    • a
    • Nazwa ciała zbiorowego lub nazwa geograficzna jako pierwszy element (NP)
    • Wydawnictwo Key Text.
    • 4
    • Kod relacji
    • pbl
    • 9
    • KHW
    • 70329
920 -ISBN [ , ]
    • a
    • ISBN
    • 83-900234-9-0 Find
    • z
    • Błędny ISBN
    • 83-9000234-9-0 Find
Status udost. Sygnatura Numer inwentarzowy Data inwentaryzacji Lokalizacja
-2 E.623851995-08-22BE
2 S.767601995-08-22BE
2 S.767611995-08-22BE
-3 S.767621995-08-22BE
2 S.767631995-08-22BE
2 S.767641995-08-22BE
2 S.767651995-08-22BE
2 S.767661995-08-22BE
2 S.767671995-08-22BE
2 S.767681995-08-22BE
2 S.767691995-08-22BE
2 S.767701995-08-22BE
2 S.767711995-08-22BE
2 S.767721995-08-22BE
-3Z.84937Z.849371995-08-22BG
1 H.47091995-08-22BNS
-3TS.76773TS.767731995-08-22T
-3TS.76774TS.767741995-08-22T
-3TS.76775TS.767751995-08-22T
-6TS.76776TS.767761995-08-22T
-6TS.76777TS.767771995-08-22T
-6TS.76778TS.767781995-08-22T
-6TS.76779TS.767791995-08-22T